[Event "Oberliga Ost-B 0506"]
[Site "Germany"]
[Date "2006.01.29"]
[Round "7.7"]
[White "Janoszka, Arnd"]
[Black "Alexandrovsky, Dmitry"]
[Result "1-0"]
[WhiteElo "2232"]
[BlackElo "2123"]
[PlyCount "113"]
[EventDate "2005.11.13"]
[EventType "team-tourn"]
[EventRounds "11"]
[EventCountry "GER"]
[SourceTitle "EXT 2007"]
[Source "ChessBase"]
[SourceDate "2006.11.23"]
[SourceVersion "1"]
[SourceVersionDate "2006.11.23"]
[SourceQuality "1"]
[WhiteTeam "Steinbach"]
[BlackTeam "Wiesbaden"]
[WhiteTeamCountry "GER"]
[BlackTeamCountry "GER"]

1. c4 Nf6 2. g3 g6 3. Bg2 Bg7 4. Nc3 c5 5. Nf3 Nc6 6. d4 cxd4 7. Nxd4 0-0 8. 0-0 Ng4 9. Nc2 d6 10. Bd2 Be6 11. h3 Nge5 12. b3 f5 13. Kh2 Kh8 14. f4 Nd7 15. e3 Nb6 16. Qe2 d5 17. c5 Nd7 18. b4 Nf6 19. Rad1 Qd7 20. Na4 Ne4 21. b5 Nd8 22. Bb4 Bg8 23. Rc1 Qe6 24. Rfd1 Rc8 25. Nd4 Qf6 26. Nf3 g5 27. Nc3 g4 28. Ne5 gxh3 29. Bxh3 Nxc3 30. Bxc3 Qh6 31. Nd7 Re8 32. Qb2 e6 33. Kg2 Bxc3 34. Qxc3+ Qg7 35. Kf2 Qxc3 36. Rxc3 h5 37. Bg2 Rc7 38. Ne5 Nf7 39. Bf3 Nxe5 40. fxe5 Rh7 41. Rh1 Bf7 42. c6 Rb8 43. a4 Be8 44. cxb7 Rhxb7 45. Bxh5 Bxh5 46. Rxh5+ Kg7 47. Rc6 Re8 48. Rh1 Ree7 49. Kf3 Kg6 50. Rh8 Kg7 51. Rcc8 Rbc7 52. Rcg8+ Kf7 53. Rg5 Rcd7 54. Rh6 Rc7 55. Rh7+ Kf8 56. Rh8+ Kf7 57. Rhg8 1-0

[Event "Oberliga Ost-B 0506"]
[Site "Germany"]
[Date "2006.01.28"]
[Round "6.7"]
[White "Krahe, Frank"]
[Black "Janoszka, Arnd"]
[Result "0-1"]
[WhiteElo "2239"]
[BlackElo "2232"]
[PlyCount "72"]
[EventDate "2005.11.13"]
[EventType "team-tourn"]
[EventRounds "11"]
[EventCountry "GER"]
[SourceTitle "EXT 2007"]
[Source "ChessBase"]
[SourceDate "2006.11.23"]
[SourceVersion "1"]
[SourceVersionDate "2006.11.23"]
[SourceQuality "1"]
[WhiteTeam "Wiesbaden Dotzheim"]
[BlackTeam "Steinbach"]
[WhiteTeamCountry "GER"]
[BlackTeamCountry "GER"]

1. e4 d6 2. d4 Nf6 3. Nc3 Nbd7 4. Be3 e5 5. f3 c6 6. a4 b6 7. Bc4 Bb7 8. Qe2 a6 9. Bb3 Be7 10. Nh3 0-0 11. 0-0 b5 12. Rad1 Qc7 13. Nf2 Rac8 14. f4 exd4 15. Bxd4 b4 16. e5 bxc3 17. exf6 Bxf6 18. bxc3 c5 19. Bxf6 Nxf6 20. Bc4 Rfe8 21. Qd2 Qc6 22. Nh3 Qxa4 23. Bd3 Qc6 24. Ng5 c4 25. Nxh7 Nxh7 26. Bxh7+ Kxh7 27. f5 f6 28. Rf4 Re4 29. Rxe4 Qxe4 30. Re1 Qxf5 31. Kh1 Re8 32. Rb1 Qe4 33. Kg1 Re5 34. Kh1 Rg5 35. Rg1 a5 36. Re1 Rxg2 0-1

[Event "Oberliga Ost-B 0506"]
[Site "Germany"]
[Date "2006.01.15"]
[Round "5.6"]
[White "Gmeiner, Peter"]
[Black "Janoszka, Arnd"]
[Result "1/2-1/2"]
[WhiteElo "2234"]
[BlackElo "2232"]
[PlyCount "83"]
[EventDate "2005.11.13"]
[EventType "team-tourn"]
[EventRounds "11"]
[EventCountry "GER"]
[SourceTitle "EXT 2007"]
[Source "ChessBase"]
[SourceDate "2006.11.23"]
[SourceVersion "1"]
[SourceVersionDate "2006.11.23"]
[SourceQuality "1"]
[WhiteTeam "Offenbach"]
[BlackTeam "Steinbach"]
[WhiteTeamCountry "GER"]
[BlackTeamCountry "GER"]

1. d4 d6 2. Nf3 Nf6 3. c4 Nbd7 4. Nc3 e5 5. e4 Be7 6. Be2 0-0 7. 0-0 c6 8. Qc2 Re8 9. Rd1 Bf8 10. Bg5 Qc7 11. Rab1 a6 12. dxe5 dxe5 13. b4 Be7 14. c5 Nf8 15. h3 h6 16. Be3 Nh5 17. Na4 Be6 18. Nb6 Rad8 19. Nc4 Ng6 20. Bf1 Nhf4 21. Rxd8 Rxd8 22. Rd1 Rxd1 23. Qxd1 Nh5 24. g3 Nf6 25. Qc2 Nh7 26. Kh2 Ng5 27. Nfd2 Qd7 28. Nb6 Qe8 29. h4 Nh7 30. Bc4 Ngf8 31. Qd3 Nf6 32. Bxe6 Nxe6 33. Ndc4 Ng4+ 34. Kg2 Qd8 35. Qxd8+ Bxd8 36. Bd2 Nf6 37. f3 Bxb6 38. Nxb6 Ne8 39. Nc4 f6 40. f4 exf4 41. gxf4 Nd8 42. Kf3 1/2-1/2

[Event "Oberliga Ost-B 0506"]
[Site "Germany"]
[Date "2005.11.27"]
[Round "3"]
[White "Fleuch, Hans Juergen"]
[Black "Janoszka, Arnd"]
[Result "0-1"]
[WhiteElo "2146"]
[BlackElo "2253"]
[PlyCount "74"]
[EventDate "2005.11.13"]
[EventType "team-tourn"]
[EventRounds "11"]
[EventCountry "GER"]
[SourceTitle "CBM 109 Extra"]
[Source "ChessBase"]
[SourceDate "2006.01.03"]
[SourceVersion "2"]
[SourceVersionDate "2006.01.03"]
[SourceQuality "1"]

1. e4 d6 2. d4 Nf6 3. Nc3 Nbd7 4. Nf3 e5 5. dxe5 dxe5 6. Bc4 Be7 7. 0-0 c6 8. a4 0-0 9. Qe2 Qc7 10. h3 Nc5 11. Rd1 Ne6 12. Be3 Nh5 13. Bxe6 Bxe6 14. Ng5 Nf4 15. Bxf4 exf4 16. Nxe6 fxe6 17. Rd3 Qe5 18. Qf3 Rad8 19. Rad1 Rxd3 20. Rxd3 Rd8 21. Qd1 Rxd3 22. Qxd3 h6 23. Kf1 Bc5 24. Nd1 a6 25. Ke2 b5 26. axb5 cxb5 27. Kf1 Bb6 28. Nc3 Bd4 29. Ke2 b4 30. Na2 a5 31. c3 bxc3 32. Nxc3 Qc5 33. f3 Qb4 34. Qc2 Bc5 35. Qd2 Be3 36. Qc2 Bb6 37. Nd1 Qd4 0-1